Manuel de cométence, de procédure et des travauax des greffes des tribunaux de commerce de Belgique

Na minha lista:
Detalhes bibliográficos
Main Authors: Bazoche, B.D (Author), Meulemans, G (Author)
Formato: Livro
Idioma:francês
Publicado em: Bruselas G. Meulemans 1841
Assuntos:
Tags: Adicionar Tag
Sem tags, seja o primeiro a adicionar uma tag!

MARC

LEADER 00000nam a2200000 a 4500
001 UCR3932
003 CL-VaPUC
008 980130e18410000BE |||||||||||||||||fre|d
082 0 4 |a 346.066  |b BAZ  |2 21 
100 0 |a Bazoche, B.D  |e author  |9 403406 
700 0 |a Meulemans, G  |e author  |9 403407 
245 1 0 |a Manuel de cométence, de procédure et des travauax des greffes des tribunaux de commerce de Belgique 
300 |a 323 p 
942 |c BK 
945 |d 19980130 00:00:00  |a aolguin 
260 |a Bruselas  |b G. Meulemans  |c 1841 
650 0 |a Derecho comercial   |9 256340 
650 7 |a TRIBUNALES DE COMERCIO  |2 CL-VaPUC  |9 403408 
650 0 |a Jurisdicción  |9 255090 
650 0 |a Competencia  |9 269688 
650 7 |a PROCEDIMIENTO  |2 CL-VaPUC  |9 403409 
650 0 |a Comercio  |9 255341 
650 0 |a Autorización  |9 403410 
650 0 |a Libros de contabilidad  |9 402440 
650 0 |a Sociedades comerciales   |9 257290 
650 0 |a Comercio marítimo  |9 352895 
650 7 |a SINDICO DE QUIEBRAS  |2 CL-VaPUC  |9 386998 
650 7 |a CESION DE BIENES  |2 CL-VaPUC  |9 385694 
650 7 |a PATENTES  |2 CL-VaPUC  |9 259099 
651 7 |a BELGICA  |2 CL-VaPUC  |9 315122 
583 |a last modification  |c 19980130 00:00:00  |k Rodrigo Vera 
999 |c 266949  |d 266947 
952 |0 0  |1 0  |4 0  |6 346_066000000000000_BAZ_1841  |7 0  |8 X  |9 299003  |a BIBDER  |b BIBDER  |d 2019-11-20  |i 195220K  |o 346.066 BAZ 1841  |p 195220K  |r 2023-01-25  |w 2019-11-20  |y BK_X  |k DER